Public and private financing of education in Latin America: a review of its principal sources /
Gardado en:
| Autor Principal: | |
|---|---|
| Formato: | Texto |
| Etiquetas: |
Engadir etiqueta
Sen Etiquetas, Sexa o primeiro en etiquetar este rexistro!
|
MARC
| LEADER | 00000 a a2200000 04500 | ||
|---|---|---|---|
| 001 | 45643 | ||
| 003 | |||
| 040 | |a CRAI/IIS |c CRAI/IIS | ||
| 100 | |a Brodersohn, Mario S. | ||
| 245 | |a Public and private financing of education in Latin America: |b a review of its principal sources / |c Mario S. Brodersohn | ||
| 773 | |g páginas 146-176 : tablas | ||
| 999 | |c 18334 |d 18334 | ||
